चला चंद्र्राकडे (Record no. 453363)

MARC details
000 -LEADER
fixed length control field 00522nam a2200145Ia 4500
008 - FIXED-LENGTH DATA ELEMENTS--GENERAL INFORMATION
fixed length control field 100204s9999 xx 000 0 und d
082 ## - DEWEY DECIMAL CLASSIFICATION NUMBER
Item number 8927
100 ## - MAIN ENTRY--PERSONAL NAME
Personal name कर्वे चिं. श्री.
245 ## - TITLE STATEMENT
Title चला चंद्र्राकडे
260 ## - PUBLICATION, DISTRIBUTION, ETC. (IMPRINT)
Name of publisher, distributor, etc "कॉन्टीनेंटल बुक सर्व्हिस, पुणे"
Date of publication, distribution, etc 1970 2
300 ## - PHYSICAL DESCRIPTION
Extent 106
630 ## - SUBJECT ADDED ENTRY--UNIFORM TITLE
Uniform title चला चंद्र्राकडे
730 ## - ADDED ENTRY--UNIFORM TITLE
Uniform title चला चंद्र्राकडे
942 ## - ADDED ENTRY ELEMENTS (KOHA)
Koha item type Book
Holdings
Withdrawn status Lost status Damaged status Not for loan Home library Current library Date acquired Cost, normal purchase price Total Checkouts Full call number Barcode Date last seen Cost, replacement price Price effective from Koha item type Public note
  Missing from bundle     N. C. Kelkar Sarvajanik Library, Mulund N. C. Kelkar Sarvajanik Library, Mulund 02/04/2010 10.00   8927 NCKMULUND-8927 02/04/2010 10.00 02/04/2010 Book 1)गहाळ